[Event "ROM-chT U18 Girls "]
[Site "Mamaia"]
[Date "2012.09.04"]
[Round "2"]
[White "Gelip, Ioana"]
[Black "Floroiu, Ioana Alexandra"]
[Result "1-0"]
[WhiteElo "2024"]
[BlackElo "1667"]
[PlyCount "49"]
[EventDate "2012.09.03"]
[EventType "team-swiss"]
[EventRounds "6"]
[EventCountry "ROU"]
[SourceTitle "CBM 150 Extra"]
[Source "ChessBase"]
[SourceDate "2012.10.19"]
[SourceVersion "1"]
[SourceVersionDate "2012.10.19"]
[SourceQuality "1"]

1. e4 Nf6 2. e5 Nd5 3. d4 d6 4. c4 Nb6 5. exd6 cxd6 6. Nc3 g6 7. Be3 Bg7 8. Rc1 Nc6 9. b3 0-0 10. d5 Ne5 11. Be2 Ned7 12. Nf3 a5 13. h4 h5 14. Ng5 Nf6 15. Nce4 Ng4 16. Bd4 Bf5 17. Bxg7 Kxg7 18. f3 Nf6 19. Qd4 Kg8 20. g4 hxg4 21. fxg4 Nxg4 22. h5 Nf6 23. hxg6 fxg6 24. Nxf6+ exf6 25. Qh4 1-0

[Event "ROM-ch U16 Girls"]
[Site "Voineasa"]
[Date "2010.04.13"]
[Round "8"]
[White "Floroiu, Ioana Alexandra"]
[Black "Lucian Hoffmann, Monica Karina"]
[Result "1/2-1/2"]
[WhiteElo "1662"]
[BlackElo "1813"]
[PlyCount "67"]
[EventDate "2010.04.08"]
[EventType "swiss"]
[EventRounds "9"]
[EventCountry "ROU"]
[SourceTitle "EXT 2020"]
[Source "ChessBase"]
[SourceDate "2019.10.17"]
[SourceVersion "1"]
[SourceVersionDate "2019.10.17"]
[SourceQuality "1"]

1. d4 d5 2. Nf3 Nf6 3. Bf4 e6 4. e3 c5 5. c3 Nc6 6. Bd3 c4 7. Bc2 b5 8. a3 Bd6 9. Bg5 h6 10. Bh4 Be7 11. 0-0 Qc7 12. Nbd2 Ng4 13. Bxe7 Qxe7 14. h3 Nf6 15. Re1 0-0 16. e4 dxe4 17. Nxe4 Nxe4 18. Bxe4 Bb7 19. Bb1 Qf6 20. Qe2 g6 21. Qd2 Kg7 22. Be4 Na5 23. Bxb7 Nxb7 24. Ne5 Rfd8 25. Ng4 Qg5 26. Qxg5 hxg5 27. Re5 Rd5 28. Rae1 Rad8 29. Rxd5 Rxd5 30. Re5 Rxe5 31. Nxe5 Na5 32. Kf1 f6 33. Nd7 Nb3 34. f3 1/2-1/2

[Event "ROM-ch U16 Girls"]
[Site "Voineasa"]
[Date "2010.04.11"]
[Round "5"]
[White "Morea, Georgiana Steluta"]
[Black "Floroiu, Ioana Alexandra"]
[Result "1-0"]
[WhiteElo "1828"]
[BlackElo "1662"]
[PlyCount "133"]
[EventDate "2010.04.08"]
[EventType "swiss"]
[EventRounds "9"]
[EventCountry "ROU"]
[SourceTitle "EXT 2020"]
[Source "ChessBase"]
[SourceDate "2019.10.17"]
[SourceVersion "1"]
[SourceVersionDate "2019.10.17"]
[SourceQuality "1"]

1. d4 d5 2. c4 c6 3. cxd5 cxd5 4. Nc3 Nc6 5. Bf4 Nf6 6. e3 a6 7. Bd3 e6 8. Nf3 Bd6 9. Bg5 0-0 10. Rc1 h6 11. Bh4 Re8 12. Bb1 Be7 13. a3 Nd7 14. Bg3 Nf6 15. 0-0 Bd6 16. Bh4 Be7 17. Qd3 g6 18. b4 Nh7 19. Bg3 Bd6 20. Ne5 Nxe5 21. dxe5 Bf8 22. Rc2 Bd7 23. Rfc1 Bg7 24. Qd4 Bc6 25. Ne2 Qd7 26. Nf4 Nf8 27. Nd3 Rec8 28. Nc5 Qe7 29. h3 Nd7 30. Nxd7 Qxd7 31. Qb6 Kh8 32. Rc3 Kg8 33. Bd3 Qd8 34. Qd4 Qd7 35. Bf4 Qe8 36. Bg3 Bf8 37. Bh4 Bg7 38. Be2 Qd7 39. Rd1 Qe8 40. Rdc1 Qd7 41. Bg3 Qe8 42. Qd2 Qd7 43. Bf4 h5 44. Qd4 Qe8 45. g4 hxg4 46. Bxg4 Qe7 47. Bg3 Qc7 48. Be2 Qd7 49. Kh2 Qe8 50. Qd1 Qd7 51. a4 b6 52. Bxa6 Rxa6 53. b5 Raa8 54. Rxc6 Rxc6 55. Rxc6 Qa7 56. Qc1 Qb7 57. Rc7 Qb8 58. Qc2 Bf8 59. Qc6 Kg7 60. Rb7 Qd8 61. Rxb6 Rxa4 62. Rb7 Rc4 63. Qa6 Rb4 64. Qa7 Qe8 65. b6 Bc5 66. Bh4 Rb2 67. Rb8 1-0

[Event "ROM-ch U16 Girls"]
[Site "Voineasa"]
[Date "2010.04.08"]
[Round "1"]
[White "Floroiu, Ioana Alexandra"]
[Black "Gelip, Ioana"]
[Result "0-1"]
[WhiteElo "1662"]
[BlackElo "1824"]
[PlyCount "77"]
[EventDate "2010.04.08"]
[EventType "swiss"]
[EventRounds "9"]
[EventCountry "ROU"]
[SourceTitle "EXT 2020"]
[Source "ChessBase"]
[SourceDate "2019.10.17"]
[SourceVersion "1"]
[SourceVersionDate "2019.10.17"]
[SourceQuality "1"]

1. d4 Nf6 2. c4 e6 3. Nc3 Bb4 4. a3 Bxc3+ 5. bxc3 c5 6. e3 0-0 7. Nf3 Nc6 8. Bd3 b6 9. 0-0 Na5 10. Rb1 Ba6 11. Qe2 Rc8 12. Nd2 Qc7 13. d5 exd5 14. cxd5 c4 15. Be4 Nxe4 16. Nxe4 Qe5 17. Qg4 f5 18. Qe2 Qxe4 19. Bb2 Bb7 20. Rbd1 Bxd5 21. f3 Qe6 22. Qd2 Bc6 23. Rfe1 Nb3 24. Qe2 Nc5 25. Rd4 Nd3 26. Rb1 Rce8 27. Bc1 Nxc1 28. Rxc1 Qxe3+ 29. Qxe3 Rxe3 30. Rxc4 Rfe8 31. Rf4 g6 32. Rd4 Re1+ 33. Rxe1 Rxe1+ 34. Kf2 Ra1 35. c4 Rxa3 36. Rd2 a5 37. Rb2 Ra4 38. Rxb6 Ra2+ 39. Kf1 0-1